000 01067nam a22002777a 4500
001 BR7705827
003 BR-BrBNA
005 20230928085508.0
007 ta
008 230509b bl.||||| |||| 00| 0 por d
040 _aBR-BrBNA
_bpor
_cBiblioteca Nacional de Agricultura
041 _a(Por)
072 _aC00
_b/G514
090 _ C00 BR7705827
110 1 _aAssociacao de Credito e Assistencia Rural do Estado de Santa Catarina, Florianopolis (Brasil);
_9468
110 1 _aEmpresa de Assistencia Tecnica e Extensao Rural do Estado de Santa Catarina, Florianopolis (Brasil)
_94031
245 1 _aProjeto de educacao sanitaria e saneamento basico - 1977-78 [extensao rural, Santa Catarina, Brasil]
260 3 _aFlorianopolis, SC (Brasil):
_c1977.
300 _a18 p.
500 _a(*) Documento disponível no(a) Associacao de Credito e Assistencia Rural do Estado de Santa Catarina, Florianopolis (Brazil)
650 _aEXTENSAO RURAL
650 _aSANEAMENTO RURAL
650 _aSANTA CATARINA
909 _a202309
_bLucia
_c55
_dLucia Elande
942 _cBK
999 _c24747
_d24747